|
|
|
|
| LEADER |
00000nab a2200000 ar4500 |
| 001 |
vtls008410895 |
| 003 |
SK-MaSNL |
| 005 |
20260303070150.0 |
| 008 |
051122c2005 xo wr|p|||||||000 b|slo |
| 015 |
|
|
|a SNBRB2005/11
|2 snkbucl
|
| 038 |
|
|
|a SNKBUCL
|
| 040 |
|
|
|a SNKBUCL
|b slo
|c SNKBUCL
|e AACR2
|
| 041 |
0 |
|
|a slo
|
| 044 |
|
|
|a xo
|c SK
|
| 080 |
|
|
|a 791.44.071.2
|2 UDC-MRF-SK2
|
| 245 |
0 |
0 |
|a Neznámy známy: Darren Aronofsky a jeho filmový svet závislostí a obsesií
|c [autor] mrvertigo
|
| 300 |
|
|
|b Fotogr., obr.
|
| 600 |
1 |
7 |
|a Aronofsky, Darren
|d 1969-
|2 snkbucl
|9 1067215
|
| 773 |
0 |
|
|t Slovo. Spoločensko-politický týždenník
|g Roč. VII, č. 33-34 (2005), s. 22-23
|x 1335-468X
|
| 852 |
|
|
|a SNK
|b KIS3GCP
|
| 958 |
|
|
|a US
|
| 999 |
|
|
|c 1754218
|d 1756148
|